000 00507nam a2200181Ia 4500
005 20250508161921.0
008 008 250505s9999 xx 000 0 eng d
037 _aBooks to be hide in OPAC
040 _aFEDL
_beng
_cFEDL
041 _aeng
_2eng
084 _a507, NCE
_qFEDL
245 0 _aPorject reports by young scientists
245 0 _cNational Council of Educational Research and Training
260 _c1968
300 _a74p.
942 _cHB
_h507, NCE
999 _c1373179
_d1373179